000 00396nam a2200145 a 4500
001 000033501
005 20200930070313.0
008 110830s1924 dr 000 0 spa d
040 _aDO-SdBNP
_bspa
_cBNPHU
100 1 _aBaéz
_959022
245 1 3 _aLa universidad de Santo Domingo /
_cBaéz.
260 _aSanto Domingo :
_bJ. R. vda. García,
_c1924.
300 _a60 p. ;
_c28 cm.
049 _aBNPD
999 _c32992
_d32992